000 00863nam a22002297a 4500
999 _c21185
_d21185
003 AR-CdUCM
008 190228b ||||| |||| 00| 0 spa d
040 _aMUNICIPALIDAD PROVINCIAL DEL CUSCO
_cBIBLIOTECA MUNICIPAL DEL CUSCO
082 _a129.42 / A93
_bA93
100 _aAnchustegui Igartua, Esteban
_944270
245 _aFilosofía Política :
_bHistoria, debates y métodos /
260 _aCusco :
_bAlpha,
_c2018.
300 _a160 paginas ;
_c21 cm.
440 _aTextos universitarios Filosofía
_944271
505 _aContenido: Vigencia de la Filosofía Política -- Tradiciones de la Filosofía Política -- Cuestiones de la Filosofía Política.
650 _aCiencia política
_91775
650 _aFilosofía
_9395
650 _aFilosofía Política
_914747
700 _aSuárez Sánchez, Richard
_944272
942 _2ddc
_cLIBROS
945 _aRoel